| 000 | 00965nas a2200313 4500 | ||
|---|---|---|---|
| 001 | BR0203253 | ||
| 003 | BR-BrBNA | ||
| 005 | 20231205103048.0 | ||
| 007 | ta | ||
| 008 | 230509b bl.|||p| |||| 00| 00por d | ||
| 040 |
_aBR-BrBNA _bpor _cBiblioteca Nacional de Agricultura |
||
| 041 | _a(Pt) | ||
| 072 | _aF06; F50 | ||
| 100 | 1 | _aCoelho, E.F. | |
| 100 | 1 | _aOliveira, F. das C. | |
| 100 | 1 | _aAraújo, E.C.E. | |
| 100 | 1 | _aVasconcelos, L.F.L. | |
| 245 | 1 | _aDistribuição de raízes de laranja "Pêra" sob sequeiro e irrigação por microaspersão em solo arenoso | |
| 650 | _aLARANJA PÊRA | ||
| 650 | _aSISTEMA RADICULAR | ||
| 650 | _aPROFUNDIDADE | ||
| 650 | _aIRRIGAÇÃO | ||
| 650 | _aMICROASPERSÃO | ||
| 650 | _aSOLO ARENOSO | ||
| 650 | _aCOMPUTADOR | ||
| 773 | 0 |
_tPesquisa Agropecuária Brasileira (Brazil) _xISSN 0100-204X _g(May 2002), v. 37(5) p. 603-611 _wBR0203253 |
|
| 909 |
_a202311 _bLúcia _c55 _dLúcia Elande |
||
| 942 |
_2AGRIS _n0 _cANA |
||
| 999 |
_c170848 _d170848 |
||